UBT Library

You want it? You'll make it! / (Record no. 73)

000 -LEADER
fixed length control field 00567nam a22002057a 4500
008 - FIXED-LENGTH DATA ELEMENTS--GENERAL INFORMATION
fixed length control field 131009b xxu||||| |||| 00| 0 eng d
020 ## - INTERNATIONAL STANDARD BOOK NUMBER
International Standard Book Number 9783901988936
041 0# - LANGUAGE CODE
Language code of text/sound track or separate title eng
080 ## - UNIVERSAL DECIMAL CLASSIFICATION NUMBER
Universal Decimal Classification number 116
100 1# - Rafti
Rafti Fasching, Wolfgang
245 10 - TITLE STATEMENT
Title You want it? You'll make it! /
Statement of responsibility, etc Wolfgang Fasching
250 ## -
-- 2nd. edition
260 ## -
-- Salzburg :
-- Colorama ;
-- 2007
300 ## -
-- 175 f. :
-- me il. ;
-- 21 cm.
500 ## -
-- Foreword f. : 9-10
505 ## -
-- Bibliography f. : 175
650 ## -
-- Lëvizja krijuese
-- Sporti
650 ## -
-- Filozofia e sportit
942 ## - ADDED ENTRY ELEMENTS (KOHA)
Source of classification or shelving scheme
Item type Books
Holdings
Withdrawn status Lost status Source of classification or shelving scheme Damaged status Not for loan Collection code Permanent location Current location Shelving location Date acquired Total Checkouts Full call number Barcode Date last seen Price effective from Koha item type
          Koleksioni i përgjithshem UBT - Prishtine UBT - Prishtine Koleksioni i përgjithshem 10/09/2013   116 FAS 001-000065 10/09/2013 10/09/2013 Books
UBT Library © 2015-2024. All rights reserved University Education for Business and Technology